书目信息 |
| 题名: |
机械工人基础知识
|
|
| 作者: | 阿尔坦尼狄克 编著 ;袁乡渊 译 | |
| 分册: | ||
| 出版信息: | 北京 机械工业出版社 1981.6 |
|
| 页数: | 515页 | |
| 开本: | 26cm | |
| 丛书名: | ||
| 单 册: | ||
| 中图分类: | TH-43 | |
| 科图分类: | ||
| 主题词: | 机械工业 , 仪表工业 | |
| 电子资源: | ||
| ISBN: | ||
| 000 | 00591nam0 2200205 45 | |
| 001 | 0312221749 | |
| 005 | 20060525085401.17 | |
| 010 | @dCNY4.10 | |
| 100 | @a20031222d1981 km y0chiy0120 ea | |
| 101 | @achi | |
| 200 | 1 | @a机械工人基础知识@AJi Xie Gong Ren Ji Chu Zhi Shi@f(西德)阿尔坦尼狄克编著@F(Xi De)A Er Tan Ni Di Ke Bian Zhu@g袁乡渊等译 |
| 210 | @a北京@c机械工业出版社@d1981.6 | |
| 215 | @a515页@d26cm | |
| 606 | 0 | @a机械工业 |
| 606 | 0 | @a仪表工业 |
| 690 | @aTH-43@v3 | |
| 701 | 0 | @a阿尔坦尼狄克@4编著 |
| 702 | 0 | @a袁乡渊@4译 |
| 801 | @aCN@bTSTCL@c20060525 | |
| 905 | @a213230@dTH-43@e6 | |
| 机械工人基础知识/(西德)阿尔坦尼狄克编著/袁乡渊等译.-北京:机械工业出版社,1981.6 |
| 515页;26cm |
| ISBN :CNY4.10 |
| ● |
| 相关链接 |
|
|
|
|
正题名:机械工人基础知识
索取号:TH-43/6
 
预约/预借
| 序号 | 登录号 | 条形码 | 馆藏地/架位号 | 状态 | 备注 |
| 1 | 0204492 | 202383321 | 密集书库/ [索取号:TH-43/6] | 在馆 | |
| 2 | 0204493 | 202383330 | 密集书库/ [索取号:TH-43/6] | 在馆 | |
| 3 | 0204494 | 001364008 | 第二样本阅览室/ [索取号:TH-43/6] | 在馆 |